[Event "Albena op-B"]
[Site "Albena"]
[Date "2015.06.17"]
[Round "1"]
[White "Janchev, Petar"]
[Black "Mahlev, Atanas"]
[Result "1-0"]
[WhiteElo "2169"]
[BlackElo "1823"]
[PlyCount "121"]
[EventDate "2015.06.17"]
[EventType "swiss"]
[EventRounds "9"]
[EventCountry "BUL"]
[SourceTitle "CBM 167 Extra"]
[Source "ChessBase"]
[SourceDate "2015.09.14"]
[SourceVersion "1"]
[SourceVersionDate "2015.09.14"]
[SourceQuality "1"]

1. e4 e6 2. d4 d5 3. Nc3 Nf6 4. e5 Nfd7 5. f4 c5 6. Nf3 Nc6 7. Be3 a6 8. Be2 Qc7 9. 0-0 cxd4 10. Nxd4 Nxd4 11. Bxd4 Bc5 12. Kh1 Bxd4 13. Qxd4 Qc5 14. Qd3 g6 15. Bf3 Nb6 16. Ne2 Bd7 17. Nd4 0-0 18. Rfe1 Rac8 19. b3 Qc3 20. Qxc3 Rxc3 21. a4 Rfc8 22. Re2 Be8 23. Kg1 Nd7 24. Rd2 Nb8 25. Be2 Nc6 26. Nxc6 R3xc6 27. Bd3 R6c7 28. Kf2 Kf8 29. Ke3 Ke7 30. Kd4 h5 31. Rf1 Bd7 32. Rf3 Rd8 33. Rh3 Rcc8 34. Rh4 Rh8 35. Rf2 Bc6 36. Rf3 Bd7 37. Rfh3 Rhd8 38. Rg3 Rg8 39. Rg5 Rh8 40. Rg3 Rhg8 41. Re3 Rh8 42. Reh3 Rhg8 43. g4 hxg4 44. Rxg4 Rh8 45. Rgh4 Rxh4 46. Rxh4 Rg8 47. Kc5 g5 48. Rg4 Rh8 49. fxg5 Rxh2 50. g6 fxg6 51. Rxg6 Bc6 52. Rg7+ Kf8 53. Rc7 a5 54. Kd6 Rh6 55. Bb5 Bxb5 56. axb5 b6 57. Kc6 Rh5 58. Kxb6 Rxe5 59. Kc6 Re4 60. b6 Rb4 61. b7 1-0

[Event "Plovdiv Bulgarian op 37th"]
[Site "Plovdiv"]
[Date "2015.02.06"]
[Round "7"]
[White "Vujakovic, Branko"]
[Black "Janchev, Petar"]
[Result "1-0"]
[WhiteElo "2351"]
[BlackElo "2151"]
[PlyCount "99"]
[EventDate "2015.02.01"]
[EventType "swiss"]
[EventRounds "9"]
[EventCountry "BUL"]
[SourceTitle "CBM 164 Extra"]
[Source "ChessBase"]
[SourceDate "2015.03.02"]
[SourceVersion "1"]
[SourceVersionDate "2015.03.02"]
[SourceQuality "1"]

1. e4 d6 2. d4 Nf6 3. Nc3 Nbd7 4. Nf3 e5 5. Bc4 Be7 6. 0-0 0-0 7. Re1 c6 8. a4 a5 9. h3 exd4 10. Qxd4 Nc5 11. Bf4 Be6 12. Rad1 Qb6 13. b3 Rad8 14. Nd5 cxd5 15. exd5 Bf5 16. Rxe7 Bxc2 17. Rc1 Bf5 18. Nd2 Nxa4 19. Qa1 Nc5 20. Bg5 Nfe4 21. Nxe4 Bxe4 22. Re1 Rde8 23. Qd4 f6 24. Bxf6 Rxe7 25. Bxe7 Rf7 26. Rxe4 Qc7 27. Bh4 Nxe4 28. Qxe4 g6 29. Bg5 Qd7 30. Be2 Qf5 31. Qe8+ Kg7 32. Be3 Qf6 33. Qb5 Qa1+ 34. Kh2 h5 35. h4 Qc3 36. g3 Kh7 37. Qe8 Kg7 38. Qe4 Qxb3 39. Bd4+ Kf8 40. Qxg6 Qxd5 41. Bxh5 b5 42. Qxf7+ Qxf7 43. Bxf7 Kxf7 44. g4 b4 45. h5 a4 46. g5 a3 47. g6+ Ke6 48. h6 b3 49. g7 b2 50. g8Q+ 1-0

[Event "Plovdiv Tringov Memorial 36th"]
[Site "Plovdiv"]
[Date "2014.02.04"]
[Round "3"]
[White "Enchev, Ivajlo"]
[Black "Janchev, Petar"]
[Result "1-0"]
[WhiteElo "2458"]
[BlackElo "2201"]
[PlyCount "74"]
[EventDate "2014.02.02"]
[EventType "swiss"]
[EventRounds "9"]
[EventCountry "BUL"]
[SourceTitle "CBM 158 Extra"]
[Source "ChessBase"]
[SourceDate "2014.02.28"]
[SourceVersion "1"]
[SourceVersionDate "2014.02.28"]
[SourceQuality "1"]

1. d4 d6 2. e4 Nf6 3. f3 c5 4. d5 e6 5. c4 b5 6. dxe6 Bxe6 7. cxb5 Be7 8. Nc3 0-0 9. Nge2 a6 10. Nf4 axb5 11. Bxb5 Na6 12. 0-0 Nc7 13. Be2 d5 14. exd5 Nfxd5 15. Nxe6 fxe6 16. Ne4 Rb8 17. b3 Bf6 18. Nxf6+ Qxf6 19. Bd2 Qd4+ 20. Kh1 Ra8 21. Qc1 Na6 22. a3 Nab4 23. Bxb4 cxb4 24. axb4 Ne3 25. Rxa8 Rxa8 26. Rg1 Ra2 27. Qc8+ Kf7 28. Bc4 Qe5 29. Qc6 Rd2 30. f4 Nd1 31. Qf3 Qd4 32. h3 g6 33. Re1 Nf2+ 34. Kh2 Kg7 35. Qe3 Qd8 36. Qxe6 Kh6 37. Qe7 Qd4 1-0

[Event "BUL-ch sf 77th"]
[Site "Plovdiv"]
[Date "2013.02.11"]
[Round "1"]
[White "Janchev, Petar"]
[Black "Arnaudov, Petar G"]
[Result "0-1"]
[WhiteElo "2177"]
[BlackElo "2471"]
[PlyCount "124"]
[EventDate "2013.02.11"]
[EventType "swiss (rapid)"]
[EventRounds "9"]
[EventCountry "RUS"]
[SourceTitle "CBM 152 Extra"]
[Source "ChessBase"]
[SourceDate "2013.02.25"]
[SourceVersion "1"]
[SourceVersionDate "2013.02.25"]
[SourceQuality "1"]

1. c4 Nf6 2. Nf3 e6 3. e3 b6 4. d4 Bb7 5. Bd3 d5 6. Nc3 Bd6 7. cxd5 exd5 8. Qa4+ Nbd7 9. Ne5 a6 10. f4 Ne4 11. 0-0 b5 12. Qd1 Ndf6 13. Bd2 Nxc3 14. Bxc3 c5 15. Rf3 c4 16. Bc2 Ne4 17. Be1 f6 18. Ng4 Qc7 19. b3 0-0-0 20. Qb1 h5 21. Nf2 Nxf2 22. Rxf2 g5 23. a4 gxf4 24. exf4 b4 25. bxc4 dxc4 26. Bxb4 Bxf4 27. Bf5+ Kb8 28. Rb2 Be3+ 29. Kh1 Bxd4 30. Ba5 Qg7 31. Bxd8 Bxb2 32. Qxb2 Rxd8 33. Be4 c3 34. Qb3 Rd2 35. Rg1 c2 36. Bxb7 Qxb7 37. Qc3 Qd5 38. Qb4+ Ka7 39. Qe7+ Kb8 40. Qf8+ Kb7 41. Qe7+ Kc8 42. Qe8+ Kb7 43. Qe7+ Kb6 44. Qxf6+ Ka5 45. Qc3+ Kb6 46. Qb4+ Kc6 47. Qc3+ Kd7 48. Qg7+ Kc6 49. Qc3+ Kb7 50. Qb4+ Kc7 51. Qe7+ Qd7 52. Qe5+ Kb7 53. Qb2+ Ka7 54. Qc3 Qd6 55. h3 Kb6 56. Qb2+ Ka5 57. Qc3+ Qb4 58. Qc7+ Kxa4 59. Ra1+ Kb3 60. Qg3+ Kb2 61. Qe5+ Rd4 62. Rf1 c1Q 0-1

[Event "Plovdiv Tringov Memorial 35th"]
[Site "Plovdiv"]
[Date "2013.02.06"]
[Round "5"]
[White "Vasilev, Milen"]
[Black "Janchev, Petar"]
[Result "1-0"]
[WhiteElo "2473"]
[BlackElo "2177"]
[PlyCount "67"]
[EventDate "2013.02.03"]
[EventType "swiss"]
[EventRounds "9"]
[EventCountry "BUL"]
[SourceTitle "CBM 152 Extra"]
[Source "ChessBase"]
[SourceDate "2013.02.25"]
[SourceVersion "1"]
[SourceVersionDate "2013.02.25"]
[SourceQuality "1"]

1. d4 c5 2. d5 g6 3. e4 Bg7 4. Nf3 d6 5. Bb5+ Nd7 6. 0-0 a6 7. Be2 Ngf6 8. Nbd2 0-0 9. a4 Rb8 10. a5 b5 11. axb6 Nxb6 12. Re1 Ne8 13. Nb3 Nc7 14. Na5 Bd7 15. c3 Qe8 16. Qc2 Ba4 17. b3 Bb5 18. Bb2 f6 19. c4 Bd7 20. Bc3 g5 21. Bd3 h5 22. e5 dxe5 23. Bh7+ Kh8 24. Bg6 Qc8 25. Bxh5 Ne8 26. Nc6 Bxc6 27. dxc6 Qxc6 28. Qg6 Rc8 29. Rxa6 e6 30. Re3 Nd6 31. Bg4 Nf5 32. Bxf5 exf5 33. Rxb6 Qxb6 34. Nxg5 1-0

[Event "Golden Sands Europe op 1st"]
[Site "Golden Sands"]
[Date "2012.06.10"]
[Round "7"]
[White "Janchev, Petar"]
[Black "Nezad, Husein Aziz"]
[Result "1/2-1/2"]
[WhiteElo "2143"]
[BlackElo "2393"]
[PlyCount "91"]
[EventDate "2012.06.04"]
[EventType "swiss"]
[EventRounds "9"]
[EventCountry "BUL"]
[SourceTitle "CBM 148 Extra"]
[Source "ChessBase"]
[SourceDate "2012.06.22"]
[SourceVersion "1"]
[SourceVersionDate "2012.06.22"]
[SourceQuality "1"]

1. d4 d5 2. Nf3 Nf6 3. e3 c5 4. c4 cxd4 5. exd4 g6 6. Nc3 Bg7 7. c5 0-0 8. h3 Bf5 9. Bb5 b6 10. cxb6 Qxb6 11. 0-0 Rc8 12. Ba4 Nc6 13. Re1 Be4 14. Ne5 Na5 15. Re2 h6 16. f3 Bf5 17. g4 Be6 18. Kg2 Nc4 19. Bb3 Rab8 20. Na4 Qa6 21. Bf4 Nxe5 22. Bxe5 Nd7 23. Bxb8 Rxb8 24. Rd2 Qd6 25. Rc1 h5 26. Rdc2 Rb4 27. Rd2 Qf4 28. Nc3 Bh6 29. Rcc2 Nf6 30. Rd3 a5 31. Qd2 Qxd2+ 32. Rdxd2 Bxd2 33. Rxd2 g5 34. Kf2 Kg7 35. Ke3 Rb8 36. Kf2 Rh8 37. Kg2 Rc8 38. Re2 Kg6 39. Rd2 Rb8 40. Rc2 Rb4 41. Rd2 Kg7 42. Kf2 Rb8 43. Re2 Rb4 44. Rd2 Kf8 45. Ke3 Kg7 46. Kf2 1/2-1/2

[Event "Golden Sands Europe op 1st"]
[Site "Golden Sands"]
[Date "2012.06.06"]
[Round "3"]
[White "Janchev, Petar"]
[Black "Enchev, Ivajlo"]
[Result "0-1"]
[WhiteElo "2143"]
[BlackElo "2419"]
[PlyCount "62"]
[EventDate "2012.06.04"]
[EventType "swiss"]
[EventRounds "9"]
[EventCountry "BUL"]
[SourceTitle "CBM 148 Extra"]
[Source "ChessBase"]
[SourceDate "2012.06.22"]
[SourceVersion "1"]
[SourceVersionDate "2012.06.22"]
[SourceQuality "1"]

1. Nf3 c5 2. c4 b6 3. Nc3 Bb7 4. e4 e6 5. Bd3 Nc6 6. 0-0 g6 7. Qe2 Bg7 8. e5 d6 9. exd6 Qxd6 10. Bc2 Nge7 11. b3 Qd7 12. Rb1 Rd8 13. Bb2 0-0 14. Ne4 e5 15. d3 Nf5 16. a3 Rfe8 17. b4 cxb4 18. Ba4 b3 19. c5 Ncd4 20. Nxd4 Nxd4 21. Bxd4 Qxa4 22. Be3 Ba6 23. Nd6 Re6 24. Qf3 Rf6 25. Qd5 bxc5 26. Bxc5 Qa5 27. Qc6 Bxd3 28. Bb4 Qb6 29. Qxb6 axb6 30. Nb7 Rb8 31. Rxb3 Bxf1 0-1

[Event "Golden Sands Europe op 1st"]
[Site "Golden Sands"]
[Date "2012.06.04"]
[Round "1"]
[White "Janchev, Petar"]
[Black "Salem, AR Saleh"]
[Result "0-1"]
[WhiteElo "2143"]
[BlackElo "2528"]
[PlyCount "114"]
[EventDate "2012.06.04"]
[EventType "swiss"]
[EventRounds "9"]
[EventCountry "BUL"]
[SourceTitle "CBM 148 Extra"]
[Source "ChessBase"]
[SourceDate "2012.06.22"]
[SourceVersion "1"]
[SourceVersionDate "2012.06.22"]
[SourceQuality "1"]

1. d4 Nf6 2. Nf3 g6 3. g3 Bg7 4. Bg2 d5 5. 0-0 0-0 6. c4 dxc4 7. Na3 c3 8. bxc3 c5 9. Bb2 Nc6 10. e3 Bf5 11. Qe2 e5 12. Rfd1 e4 13. Ne5 Qc8 14. Nxc6 bxc6 15. Qc4 Rb8 16. Rdb1 Rd8 17. Bc1 Bf8 18. Rxb8 Qxb8 19. Rb1 Qc8 20. Qa4 Bh3 21. Bh1 cxd4 22. cxd4 c5 23. Bb2 Qf5 24. d5 Rxd5 25. Qc2 Rd3 26. Nb5 Nd5 27. a3 Nxe3 28. Qe2 Bg4 29. Qe1 Bf3 30. fxe3 Bxh1 31. Qf2 Qxf2+ 32. Kxf2 Rd2+ 33. Ke1 Rxh2 34. Bf6 Bf3 35. Rb3 Rh1+ 36. Kf2 Bg7 37. Bxg7 Kxg7 38. Nxa7 Rh2+ 39. Kg1 Rg2+ 40. Kf1 Rxg3 41. Nc6 Rg2 42. Ne5 Ra2 43. Rb7 Rxa3 44. Rxf7+ Kh6 45. Kf2 Ra2+ 46. Kg3 Kg5 47. Rxh7 Rg2+ 48. Kh3 Re2 49. Nxf3+ exf3 50. Rc7 Rxe3 51. Rxc5+ Kf4 52. Rc6 Re1 53. Rf6+ Ke3 54. Kg3 Rg1+ 55. Kh2 f2 56. Re6+ Kd4 57. Rf6 f1Q 0-1

[Event "BUL-ch sf 76th"]
[Site "Plovdiv"]
[Date "2012.02.11"]
[Round "8"]
[White "Janchev, Petar"]
[Black "Arnaudov, Petar"]
[Result "1-0"]
[WhiteElo "2118"]
[BlackElo "2121"]
[PlyCount "117"]
[EventDate "2012.02.06"]
[EventType "swiss"]
[EventRounds "9"]
[EventCountry "BUL"]
[SourceTitle "CBM 146 Extra"]
[Source "ChessBase"]
[SourceDate "2012.02.29"]
[SourceVersion "1"]
[SourceVersionDate "2012.02.29"]
[SourceQuality "1"]

1. Nf3 b5 2. e4 Bb7 3. d3 e6 4. g3 c5 5. Bg2 Nc6 6. 0-0 Nf6 7. Nbd2 Qc7 8. Re1 d6 9. c3 Rb8 10. a3 a5 11. a4 b4 12. Nc4 Be7 13. Bf4 e5 14. Bg5 Nd8 15. Nh4 Ne6 16. Bd2 Ba6 17. Nf5 Bxc4 18. dxc4 bxc3 19. bxc3 g6 20. Ne3 0-0 21. Qc2 Rb6 22. Rab1 Rxb1 23. Rxb1 Rb8 24. Rb5 Bd8 25. h3 Qa7 26. Qd3 Rb6 27. Qb1 Kg7 28. Bc1 Bc7 29. Qd3 Bd8 30. Qb1 Bc7 31. h4 h5 32. Bf3 Rb8 33. Qd3 Rb6 34. Qd2 Bd8 35. Qb2 Bc7 36. Kg2 Rb8 37. Qd2 Rb6 38. Nf5+ Kg8 39. Ne7+ Kf8 40. Nc8 Qb8 41. Nxb6 Bxb6 42. Qb2 Nd7 43. Qd2 Ke7 44. Qd3 Qf8 45. Rb2 Kd8 46. Kg1 Kc7 47. Bg2 Qe8 48. f4 Qe7 49. f5 gxf5 50. exf5 Nd8 51. Qf3 f6 52. Qe4 Qf7 53. Kh2 Nb8 54. Bf3 Qd7 55. Qa8 Ndc6 56. Be4 Qe8 57. Bxc6 Qxc6 58. Qxc6+ Nxc6 59. g4 1-0

[Event "BUL-ch sf 76th"]
[Site "Plovdiv"]
[Date "2012.02.09"]
[Round "6"]
[White "Janchev, Petar"]
[Black "Ljangov, Petar"]
[Result "1-0"]
[WhiteElo "2118"]
[BlackElo "2101"]
[PlyCount "119"]
[EventDate "2012.02.06"]
[EventType "swiss"]
[EventRounds "9"]
[EventCountry "BUL"]
[SourceTitle "CBM 146 Extra"]
[Source "ChessBase"]
[SourceDate "2012.02.29"]
[SourceVersion "1"]
[SourceVersionDate "2012.02.29"]
[SourceQuality "1"]

1. e4 c5 2. Nf3 d6 3. d4 cxd4 4. Nxd4 Nf6 5. Nc3 Nc6 6. Bg5 e6 7. Qd2 a6 8. 0-0-0 Bd7 9. f3 Be7 10. h4 h6 11. Be3 Qc7 12. g4 Nxd4 13. Bxd4 Bc6 14. Bh3 g5 15. hxg5 hxg5 16. Be3 Rg8 17. Qf2 Nd7 18. Ne2 0-0-0 19. Nd4 Kb8 20. Kb1 Rc8 21. Rc1 Ne5 22. Nxc6+ Qxc6 23. Bf1 Rh8 24. Rh5 Rxh5 25. gxh5 Rh8 26. Be2 Nc4 27. Bxc4 Qxc4 28. Rh1 d5 29. Bd4 f6 30. b3 Qc6 31. e5 f5 32. h6 Rh7 33. Qd2 Qc7 34. Kb2 Qd8 35. Be3 f4 36. Bf2 Kc8 37. Qd4 Qc7 38. Rh5 Bd8 39. Be1 Qf7 40. Rh2 Bc7 41. Bb4 Qf5 42. Bc3 b6 43. a4 a5 44. Ka3 Rxh6 45. Rxh6 Qf8+ 46. b4 axb4+ 47. Bxb4 Qxh6 48. Qc3 Kb7 49. a5 bxa5 50. Bxa5 Qf8+ 51. Bb4 Qa8+ 52. Kb3 Ba5 53. Bxa5 Ka6 54. Qc7 Qb7+ 55. Qxb7+ Kxb7 56. Bd8 g4 57. fxg4 Kc8 58. Bg5 f3 59. Be3 Kd7 60. Kc3 1-0

[Event "BUL-ch sf 76th"]
[Site "Plovdiv"]
[Date "2012.02.07"]
[Round "3"]
[White "Arnaudov, Petar G"]
[Black "Janchev, Petar"]
[Result "1-0"]
[WhiteElo "2473"]
[BlackElo "2118"]
[PlyCount "59"]
[EventDate "2012.02.06"]
[EventType "swiss"]
[EventRounds "9"]
[EventCountry "BUL"]
[SourceTitle "CBM 146 Extra"]
[Source "ChessBase"]
[SourceDate "2012.02.29"]
[SourceVersion "1"]
[SourceVersionDate "2012.02.29"]
[SourceQuality "1"]

1. Nf3 d6 2. d4 Nf6 3. c4 Nbd7 4. Nc3 e5 5. Bg5 Be7 6. Qc2 c6 7. e3 h6 8. Bh4 0-0 9. 0-0-0 Qa5 10. Bd3 Rb8 11. Kb1 b5 12. c5 dxc5 13. dxe5 Nd5 14. Nxd5 Bxh4 15. e6 fxe6 16. Bh7+ Kh8 17. Nf4 Rxf4 18. exf4 Bf6 19. g4 b4 20. g5 Bxb2 21. Qxb2 c4 22. gxh6 c3 23. Rhg1 Kxh7 24. Qc2+ Qf5 25. hxg7 Qxc2+ 26. Kxc2 Nf6 27. Rd8 Ng8 28. Ng5+ Kg6 29. Rxg8 e5 30. Ne4+ 1-0

[Event "BUL-ch sf 76th"]
[Site "Plovdiv"]
[Date "2012.02.07"]
[Round "2"]
[White "Janchev, Petar"]
[Black "Stankov, Apostol"]
[Result "1-0"]
[WhiteElo "2118"]
[BlackElo "1916"]
[PlyCount "53"]
[EventDate "2012.02.06"]
[EventType "swiss"]
[EventRounds "9"]
[EventCountry "BUL"]
[SourceTitle "CBM 146 Extra"]
[Source "ChessBase"]
[SourceDate "2012.02.29"]
[SourceVersion "1"]
[SourceVersionDate "2012.02.29"]
[SourceQuality "1"]

1. d4 d5 2. Nf3 Nf6 3. c4 dxc4 4. Nc3 e6 5. Qa4+ Nc6 6. Qxc4 Bb4 7. g3 Qd5 8. Qxd5 Nxd5 9. Bd2 0-0 10. Bg2 Nxc3 11. bxc3 Ba5 12. c4 Bxd2+ 13. Kxd2 Rd8 14. Kc3 Bd7 15. e3 f6 16. Rhd1 Ne7 17. Ne1 Bc6 18. e4 Ba4 19. Rd2 c6 20. Nd3 b6 21. Nb2 b5 22. Nxa4 bxa4 23. Rb1 e5 24. d5 c5 25. Rb5 Rac8 26. Bh3 a6 27. Rb7 1-0

[Event "BUL-ch sf 75th"]
[Site "Plovdiv"]
[Date "2011.02.11"]
[Round "7"]
[White "Janchev, Petar"]
[Black "Pantev, Tsvetelin"]
[Result "0-1"]
[WhiteElo "2161"]
[BlackElo "1806"]
[PlyCount "90"]
[EventDate "2011.02.07"]
[EventType "swiss"]
[EventRounds "9"]
[EventCountry "BUL"]
[SourceTitle "CBM 140 Extra"]
[Source "ChessBase"]
[SourceDate "2011.03.01"]
[SourceVersion "1"]
[SourceVersionDate "2011.03.01"]
[SourceQuality "1"]

1. d4 Nf6 2. c4 g6 3. Nc3 Bg7 4. Nf3 0-0 5. g3 d6 6. Bg2 Nc6 7. 0-0 a6 8. b3 Rb8 9. Bb2 b5 10. cxb5 axb5 11. d5 Na5 12. Nd4 b4 13. Na4 e6 14. e4 Bd7 15. Rc1 e5 16. Ne2 Bh6 17. Rc2 Bb5 18. Bc1 Bxc1 19. Rxc1 Nb7 20. Nb2 Nc5 21. f3 Qc8 22. Qd2 Qa6 23. Nc4 Nfd7 24. Rc2 Nb6 25. Rfc1 Bxc4 26. bxc4 Nbd7 27. Rb1 b3 28. axb3 Rxb3 29. Rxb3 Nxb3 30. Qe3 Qa1+ 31. Kf2 Ndc5 32. f4 Nd4 33. Rc1 Qb2 34. Bf3 Nxe2 35. Bxe2 Nd3+ 36. Qxd3 Qxc1 37. fxe5 dxe5 38. d6 cxd6 39. Qxd6 Qc3 40. Qd5 Kg7 41. Kg2 Rb8 42. Kh3 Rb2 43. Bg4 Rd2 44. Qc5 Qb2 45. Qg1 Qd4 0-1

[Event "BUL-ch sf 75th"]
[Site "Plovdiv"]
[Date "2011.02.09"]
[Round "4"]
[White "Nikolova, Adriana"]
[Black "Janchev, Petar"]
[Result "1/2-1/2"]
[WhiteElo "2311"]
[BlackElo "2161"]
[PlyCount "213"]
[EventDate "2011.02.07"]
[EventType "swiss"]
[EventRounds "9"]
[EventCountry "BUL"]
[SourceTitle "CBM 140 Extra"]
[Source "ChessBase"]
[SourceDate "2011.03.01"]
[SourceVersion "1"]
[SourceVersionDate "2011.03.01"]
[SourceQuality "1"]

1. e4 e5 2. Nf3 Nc6 3. Bb5 a6 4. Ba4 d6 5. Bxc6+ bxc6 6. d4 Nf6 7. dxe5 Nxe4 8. exd6 Bxd6 9. Qe2 0-0 10. 0-0 Re8 11. Qd3 Bf5 12. Qc4 Qf6 13. Nbd2 c5 14. Rb1 h6 15. b3 Nxd2 16. Bxd2 Be4 17. Ne1 Bc6 18. Bc3 Qg6 19. g3 Bb5 20. Qd5 Bxf1 21. Kxf1 Qe4 22. Rd1 Qxd5 23. Rxd5 Rad8 24. Nd3 Bf8 25. Rf5 g6 26. Rf4 f5 27. Ra4 Rd6 28. f3 Bg7 29. Bxg7 Kxg7 30. Rc4 Rd5 31. Ra4 Rd6 32. Rc4 Rd5 33. Ra4 Re6 34. Ra5 Kf6 35. f4 g5 36. h3 Red6 37. Nxc5 Rd1+ 38. Ke2 R1d2+ 39. Ke1 Rxc2 40. fxg5+ hxg5 41. g4 Kf7 42. gxf5 Rd5 43. b4 Rxf5 44. Rxa6 Rb2 45. Nd3 Rh2 46. Rc6 Rxh3 47. Rxc7+ Kg6 48. Rc6+ Kh5 49. Ke2 Rh2+ 50. Ke3 Rxa2 51. Rc8 Rb5 52. Rh8+ Kg4 53. Nf2+ Kg3 54. Ne4+ Kg2 55. Rg8 Ra3+ 56. Ke2 Re5 57. Rxg5+ Rxg5 58. Nxg5 Rb3 59. Ne4 Rxb4 60. Ke3 Kh3 61. Kf3 Kh4 62. Kf4 Rb8 63. Kf5 Rb1 64. Kf4 Rf1+ 65. Ke5 Kg4 66. Nf6+ Kf3 67. Kf5 Ra1 68. Ke5 Ke3 69. Nd5+ Kd3 70. Nf4+ Kc4 71. Ne6 Re1+ 72. Kd6 Re4 73. Ng7 Rh4 74. Ne6 Rh5 75. Nc7 Rg5 76. Ke6 Kc5 77. Kf6 Rg1 78. Ne6+ Kd5 79. Nf4+ Ke4 80. Ng6 Rf1+ 81. Ke6 Ra1 82. Kf6 Ra5 83. Ne7 Ra6+ 84. Kg5 Ke5 85. Ng6+ Ke4 86. Ne7 Rb6 87. Ng6 Rb1 88. Kf6 Rg1 89. Ne7 Rf1+ 90. Ke6 Ra1 91. Kf6 Ra8 92. Ng6 Ra6+ 93. Kg5 Ra5+ 94. Kf6 Rf5+ 95. Ke6 Rf1 96. Ne7 Rh1 97. Ng6 Rh5 98. Kf6 Ra5 99. Ne7 Kf4 100. Ng6+ Kg4 101. Ne5+ Kh5 102. Kf5 Ra4 103. Nf3 Ra8 104. Ne5 Rf8+ 105. Ke4 Kg5 106. Nf3+ Rxf3 107. Kxf3 1/2-1/2

[Event "BUL-ch sf 75th"]
[Site "Plovdiv"]
[Date "2011.02.08"]
[Round "2"]
[White "Janchev, Petar"]
[Black "Enchev, Ivajlo"]
[Result "0-1"]
[WhiteElo "2161"]
[BlackElo "2432"]
[PlyCount "80"]
[EventDate "2011.02.07"]
[EventType "swiss"]
[EventRounds "9"]
[EventCountry "BUL"]
[SourceTitle "CBM 140 Extra"]
[Source "ChessBase"]
[SourceDate "2011.03.01"]
[SourceVersion "1"]
[SourceVersionDate "2011.03.01"]
[SourceQuality "1"]

1. Nf3 c5 2. c4 b6 3. d4 cxd4 4. Nxd4 Bb7 5. Nc3 Nf6 6. Bg5 d6 7. Rc1 e6 8. e3 Be7 9. Nf3 0-0 10. Be2 a6 11. 0-0 Nbd7 12. Bf4 Qc7 13. h3 Rac8 14. Qd2 Rfd8 15. b3 Ne5 16. Qb2 Nxf3+ 17. gxf3 Nh5 18. Bh2 Qc5 19. f4 Qf5 20. f3 Qg6+ 21. Kh1 Ng3+ 22. Bxg3 Qxg3 23. Bd1 Qxh3+ 24. Kg1 d5 25. Qg2 Qxg2+ 26. Kxg2 dxc4 27. bxc4 Rxc4 28. Bb3 Rcc8 29. Ne4 Kf8 30. Kg3 h6 31. Rfd1 Rxd1 32. Rxd1 Ke8 33. Nd6+ Bxd6 34. Rxd6 Rc6 35. Rd4 Ke7 36. f5 exf5 37. Bxf7 Rc3 38. Kf4 g5+ 39. Kxf5 Rxe3 40. Kg4 Kxf7 0-1

[Event "BUL-chT-B 60th"]
[Site "Albena"]
[Date "2010.05.31"]
[Round "7.1"]
[White "Janchev, Petar"]
[Black "Rusev, Jeliazko"]
[Result "1/2-1/2"]
[WhiteElo "2223"]
[BlackElo "2258"]
[PlyCount "92"]
[EventDate "2010.05.27"]
[EventType "team-tourn"]
[EventRounds "9"]
[EventCountry "BUL"]
[SourceTitle "CBM 136 Extra"]
[Source "ChessBase"]
[SourceDate "2010.07.02"]
[SourceVersion "2"]
[SourceVersionDate "2010.07.15"]
[SourceQuality "1"]
[WhiteTeam "Shumen 2005"]
[BlackTeam "Jambol Tundja"]
[WhiteTeamCountry "BUL"]
[BlackTeamCountry "BUL"]

1. d4 d5 2. Nf3 Nf6 3. e3 Bf5 4. c4 e6 5. Qb3 b6 6. Nc3 c6 7. Nh4 Be4 8. Nxe4 dxe4 9. g3 c5 10. d5 g5 11. Ng2 Nbd7 12. h4 Ne5 13. hxg5 Nf3+ 14. Ke2 Nxg5 15. Nf4 Qd7 16. dxe6 fxe6 17. Qb5 Qxb5 18. cxb5 Bg7 19. Bd2 Nd5 20. Rh5 Bxb2 21. Rb1 Bf6 22. Nxe6 Nxe6 23. Rxd5 Ke7 24. Bh3 Rhd8 25. Rh5 Ng5 26. Bc3 Rd3 27. Bxf6+ Kxf6 28. Bg2 Rad8 29. Rb2 Kf5 30. Rh6 Kg4 31. Bh3+ Nxh3 32. Rh4+ Kg5 33. Rxh3 c4 34. Rxh7 c3 35. Rc2 Rd2+ 36. Rxd2 Rxd2+ 37. Ke1 Rxa2 38. Rc7 Ra1+ 39. Ke2 Ra2+ 40. Ke1 c2 41. Kd2 c1Q+ 42. Kxc1 Rxf2 43. Rxa7 Kg4 44. Rb7 Rf6 45. Kd2 Kf3 46. Rd7 Rf5 1/2-1/2

[Event "BUL-ch op 32th"]
[Site "Plovdiv"]
[Date "2010.02.03"]
[Round "5"]
[White "Janchev, Petar"]
[Black "Miljkovic, Miroslav M"]
[Result "0-1"]
[WhiteElo "2215"]
[BlackElo "2477"]
[PlyCount "126"]
[EventDate "2010.01.31"]
[EventType "swiss"]
[EventRounds "9"]
[EventCountry "BUL"]
[SourceTitle "CBM 134 Extra"]
[Source "ChessBase"]
[SourceDate "2010.03.03"]
[SourceVersion "1"]
[SourceVersionDate "2010.03.03"]
[SourceQuality "1"]

1. Nf3 d5 2. c4 c6 3. b3 Nf6 4. Bb2 Bg4 5. e3 e6 6. Be2 Nbd7 7. 0-0 Bd6 8. d3 0-0 9. Nbd2 Qe7 10. a3 Rfd8 11. Re1 e5 12. Qc2 Rac8 13. h3 Be6 14. b4 h6 15. Bc3 Bf5 16. Qb2 Re8 17. d4 e4 18. Nh2 Nh7 19. Ndf1 Ng5 20. Ng3 Bxh3 21. gxh3 Nxh3+ 22. Kg2 Nxf2 23. Kxf2 Qh4 24. Nhf1 Re6 25. Red1 Rg6 26. Ke1 Bxg3+ 27. Nxg3 Rxg3 28. Kd2 Qg5 29. Re1 Nb6 30. Kc2 Na4 31. Qc1 Nxc3 32. Kxc3 f5 33. Bf1 b5 34. c5 f4 35. a4 a6 36. axb5 axb5 37. Kb2 Rxe3 38. Rxe3 fxe3 39. Ra6 Qf6 40. Qd1 Qf2+ 41. Kb3 Rf8 42. Be2 Rf6 43. Ra2 Qg3 44. Qh1 Kh7 45. Ra1 Qf2 46. Ra2 Qg3 47. Kc3 Rf2 48. Qh5 Qg1 49. Kb3 Qb1+ 50. Rb2 Qe1 51. Qg4 Qa1 52. Kc3 Qa3+ 53. Kc2 Qd3+ 54. Kc1 Qxd4 55. Kb1 Qe5 56. Qd7 Qf6 57. Ka2 d4 58. Qe8 Qf7+ 59. Qxf7 Rxf7 60. Bg4 d3 61. Kb3 e2 62. Bxe2 dxe2 63. Rxe2 Re7 0-1

[Event "BUL-ch sf"]
[Site "Plovdiv"]
[Date "2010.01.30"]
[Round "9"]
[White "Stoinev, Metodi"]
[Black "Janchev, Petar"]
[Result "0-1"]
[WhiteElo "2268"]
[BlackElo "2215"]
[PlyCount "74"]
[EventDate "2010.01.24"]
[EventType "swiss"]
[EventRounds "9"]
[EventCountry "BUL"]
[SourceTitle "CBM 134 Extra"]
[Source "ChessBase"]
[SourceDate "2010.03.03"]
[SourceVersion "1"]
[SourceVersionDate "2010.03.03"]
[SourceQuality "1"]

1. e4 d6 2. d4 Nf6 3. Nc3 Nbd7 4. Nf3 e5 5. g3 Be7 6. Bg2 0-0 7. 0-0 c6 8. a4 a5 9. Re1 Re8 10. b3 Qc7 11. Bb2 Bf8 12. Qd2 exd4 13. Nxd4 Nc5 14. h3 Bd7 15. Rad1 Rad8 16. g4 Bc8 17. Qf4 Ne6 18. Nxe6 fxe6 19. Rd3 Nd7 20. Ba3 e5 21. Qd2 Nc5 22. Bxc5 dxc5 23. Rd1 Be7 24. Bf1 Be6 25. Qe3 b6 26. Kg2 h6 27. Qg3 Rxd3 28. Bxd3 Rf8 29. Qe3 c4 30. Bxc4 Bxc4 31. bxc4 Bc5 32. Qd3 Rxf2+ 33. Kh1 Qf7 34. Ne2 Kh7 35. h4 h5 36. gxh5 Qxh5 37. Ng1 Qg6 0-1

[Event "BUL-ch sf"]
[Site "Plovdiv"]
[Date "2010.01.25"]
[Round "2"]
[White "Janchev, Petar"]
[Black "Tsvetkov, Ilia"]
[Result "0-1"]
[WhiteElo "2215"]
[BlackElo "2392"]
[PlyCount "72"]
[EventDate "2010.01.24"]
[EventType "swiss"]
[EventRounds "9"]
[EventCountry "BUL"]
[SourceTitle "CBM 134 Extra"]
[Source "ChessBase"]
[SourceDate "2010.03.03"]
[SourceVersion "1"]
[SourceVersionDate "2010.03.03"]
[SourceQuality "1"]

1. d4 d5 2. c4 e6 3. Nc3 c6 4. cxd5 exd5 5. Nf3 Bf5 6. Bg5 Qb6 7. Qb3 Nd7 8. e3 Bd6 9. Qxb6 axb6 10. Nh4 Be6 11. Bd3 Ne7 12. Bxe7 Bxe7 13. Nf5 Bxf5 14. Bxf5 b5 15. Bxd7+ Kxd7 16. Kd2 Ra6 17. Kc2 Rha8 18. Kb3 Bd6 19. g4 b4 20. Ne2 b6 21. Rhd1 Ke6 22. Rac1 c5 23. Nf4+ Bxf4 24. exf4 Kd6 25. dxc5+ bxc5 26. Rd3 Rxa2 27. Re3 c4+ 28. Kxb4 Rxb2+ 29. Kc3 Rxf2 30. Kb4 Rb2+ 31. Kc3 Rxh2 32. Kd4 Rd2+ 33. Kc3 Rf2 34. Kb4 Rb2+ 35. Kc3 Rb3+ 36. Kd4 Raa3 0-1